Cómo se hace una tesis (Registro nro. 10835)

000 -CABECERA
Campo de control de longitud fija 01447nam a22003257a 4500
003 - IDENTIFICADOR DEL NÚMERO DE CONTROL
Campo de control OSt
005 - FECHA Y HORA DE LA ÚLTIMA TRANSACCIÓN
Campo de control 20260416145518.0
008 - CÓDIGOS DE INFORMACIÓN DE LONGITUD FIJA
Campo de control de longitud fija 260413t2001 xxu||||| |||| 00| 0 spa d
020 ## - NÚMERO INTERNACIONAL NORMALIZADO PARA LIBROS (ISBN)
Número Internacional Normalizado para Libros (ISBN) 9788474328967
020 ## - NÚMERO INTERNACIONAL NORMALIZADO PARA LIBROS (ISBN)
Número Internacional Normalizado para Libros (ISBN) 8474328969
040 ## - FUENTE DE LA CATALOGACIÓN
Centro catalogador de origen Unicoc
Lengua de catalogación spa
Centro que cataloga Bogotá (Dr. David Ordóñez Rueda) - Campus Norte
Centro modificador Bogotá (Dr. David Ordóñez Rueda) - Campus Norte
082 ## - NÚMERO DE LA CLASIFICACIÓN DECIMAL DEWEY
Número de clasificación 001.42
100 ## - PUNTO DE ACCESO PRINCIPAL - NOMBRE DE PERSONA
9 (RLIN) 12911
Nombre de persona Eco, Humberto
245 ## - MENCIÓN DE TÍTULO
Título Cómo se hace una tesis
Subtitulo o Resto del título : Técnicas y procedimientos de estudio, investigación y escritura
Mención de responsabilidad etc. / Humberto Eco
250 ## - MENCIÓN DE EDICIÓN
Mención de edición 1 Ed.
260 ## - PUBLICATION, DISTRIBUTION, ETC. (IMPRINT)
Lugar de publicación distribución etc. España :
Nombre del editor distribuidor etc. Gedisa ,
Fecha de publicación distribución etc. 2001.
300 ## - DESCRIPCIÓN FÍSICA
Extensión 253 páginas
Otras características físicas Tablas
440 ## - MENCIÓN DE SERIE
9 (RLIN) 10584
Título Biblioteca de la nueva educación
505 ## - NOTA DE CONTENIDO CON FORMATO
Título I. Que es una tesis doctoral y para qué sirve. --
-- II. La elección del tema. --
-- III. La búsqueda del material. --
-- IV. El plan de trabajo y las fichas. --
-- V. La redacción. --
-- VI. La redacción definitiva.
526 ## - NOTA DE INFORMACIÓN SOBRE EL PROGRAMA DE ESTUDIO
Institución que aplica el campo Unicoc
546 ## - NOTA DE LENGUA
Nota de lengua Español
650 #0 - PUNTO DE ACCESO ADICIONAL DE MATERIA - TÉRMINO DE MATERIA
9 (RLIN) 1573
Término de materia o nombre geográfico como elemento inicial Tesis y disertaciones académicas.
Subdivisión de materia general Metodología
650 #0 - PUNTO DE ACCESO ADICIONAL DE MATERIA - TÉRMINO DE MATERIA
9 (RLIN) 4249
Término de materia o nombre geográfico como elemento inicial Investigación científica
650 #0 - PUNTO DE ACCESO ADICIONAL DE MATERIA - TÉRMINO DE MATERIA
9 (RLIN) 1575
Término de materia o nombre geográfico como elemento inicial Norma - Redacción de escritos técnicos.
Subdivisión de materia general Trabajos de grado
650 #0 - PUNTO DE ACCESO ADICIONAL DE MATERIA - TÉRMINO DE MATERIA
9 (RLIN) 12912
Término de materia o nombre geográfico como elemento inicial Técnicas de investigación
658 #0 - TÉRMINO DE INDIZACIÓN - OBJETIVO CURRICULAR
9 (RLIN) 8008
Programa Académico Programa de Derecho
658 #0 - TÉRMINO DE INDIZACIÓN - OBJETIVO CURRICULAR
9 (RLIN) 10741
Programa Académico Programa de Psicología
856 ## - LOCALIZACIÓN Y ACCESO ELECTRÓNICOS
Texto del enlace Acceso online exclusivo para comunidad Unicoc.
Identificador Uniforme del Recurso (URI) https://unicoceduco-my.sharepoint.com/:b:/g/personal/direccionbiblioteca_unicoc_edu_co/IQDtieQIBloQQqECsq3RfN1aAdHCpS9DkrtrjH_G8_RRBxo
942 ## - ENTRADA PARA ELEMENTOS AGREGADOS (KOHA)
Fuente de clasificación o esquema de ordenación en estanterías
Koha [por defecto] tipo de item Libro electrónico
Existencias
Estropeado Código de colección Signatura completa Fuente de clasificación o esquema de ordenación en estanterías Fecha última consulta Tipo de item de Koha Estado de pérdida Localización permanente Código de barras No para préstamo Fuente de adquisición Fecha de adquisición Fecha del precio de reemplazo Precio Localización actual
 Coleccion Online001.42 2026-04-13Libro electrónico Bogotá (Dr. David Ordóñez Rueda) - Campus NorteEbook10835 Compra2026-04-132026-04-13200000.00Bogotá (Dr. David Ordóñez Rueda) - Campus Norte

© 2014 UNICOC | Institución Universitaria Colegios de Colombia - UNICOC
Bogotá D.C. Autopista Norte Km. 20. Teléfono:(571)6683535
Cali: Calle 13 Norte No. 3N-13. Teléfono: (572)6608887

Con tecnología de Koha